Try to guess the U.S. State- Easy :) - Statistics

General Stats
  • This quiz has been taken 12 times
  • The average score is 15 of 15
Answer Stats
Hint Answer % Correct
A__z___ Arizona
100%
Ar______ Arkansas
100%
Cal_______ California
100%
H_____ Hawaii
100%
K____s Kansas
100%
K_______y Kentucky
100%
Lo______ Louisiana
100%
Mic_____ Michigan
100%
Mo_____ Montana
100%
Nev___ Nevada
100%
V______ Vermont
100%
Wy_____ Wyoming
100%
___ida Florida
91%
Ne_ ________ New Hampshire
91%
Mi_____ Missouri
73%
No matching quizzes found
Score Distribution
Percent of People with Each Score
Percentile by Number Answered
Your Score History
You have not taken this quiz